แสดงรายละเอียดบรรณานุกรม
  กลับหน้าหลัก

Brief Record : Get Marc (ISO 2709) : E-mail record : QR code ปิดหน้าต่าง
E-books : เกี่ยวกับ Collections
LEADER 00000nam 2200000uu 4500
001    210148
003     ULIBM
008    141027s2557||||th 000 0 tha d
024    ^a9786161122027
041 0  ^atha^beng
060  4 ^aWY18 ศ474ห 2557
100 0  ^aศิริมา ลีละวงศ์...[และคนอื่นๆ].
245 00 ^aหลักสูตรการพัฒนาสมรรถนะพยาบาลผู้จัดการสุขภาพชุมชน/^bผู้เขียน,ศิริมา ลีละวงศ์...[และคนอื่นๆ] ;บรรณาธิการ,กาญจนา จันทร์ไทย.
250    ^aพิมพ์ครั้งที่ 1
260    ^aนนทบุรี : ^bสำนักการพยาบาล สำนักงานปลัดกระทรวง กระทรวงสาธารณสุข,^c2557.
300    ^a 136 หน้า .
650  4 ^aพยาบาล
650  4 ^aสมรรถนะ ^xพยาบาล
650  4 ^aการพัฒนาสมรรถนะพยาบาล ^xหลักสูตร
650  4 ^aพยาบาลผู้จัดการสุขภาพชุมชน
700 0  ^aศิริมา ลีละวงศ์,^eผู้เขียน
700 0  ^aกาญจนา จันทร์ไทย,^eบรรณาธิการ
710 2  ^aสำนักงานปลัดกระทรวงสาธารณสุข. สำนักการพยาบาล
710 2  ^aสำนักงานกองทุนสนับสนุนการสร้างเสริมสุขภาพ
999    ^aใช้งานได้ทุกระบบ
รายการนี้ยังไม่มีแท็ก
คุณยังไม่ได้ล็อกอิน คุณสามารถมีกิจกรรมร่วมกับเว็บไซต์ได้ แต่ต้องล็อกอินก่อน ::
  ล็อกอิน
ลำดับที่ ประเภท เลขเรียก สถานที่ สถานะ
1. หนังสือทั่วไป
หนังสือทั่วไป
WY18 ศ474ห 2557 ฉ.2 
  
ห้องสมุด หอพักนักศึกษา (ห้องเหลือง) On Shelf
  ขอยืม
   [แสดง 1/1 รายการ]

รายการใกล้เคียง
    ผู้แต่ง [ศิริมา ลีละวงศ์...[และคนอื่นๆ].]

    หัวเรื่อง [พยาบาล]
    หัวเรื่อง [พยาบาลผู้จัดการสุขภาพชุมชน]

BibComment


ยังไม่เคยถูกคอมเมนท์

คอมเมนท์ทรัพยากรรายการนี้
  คอมเมนท์: หลักสูตรการพัฒนา..
Bib 210148

 
 
 

 Union Library Management : ULibM
Copyright 2026. All Rights Reserved.
скачать бесплатно без регистрации порно красивый секс HD Sex Hindi sex

xxx gou

xxxx

bfxxx

xxxwww

Секса Видео

xxxx

Секса Видео

detube

geilexxx

C99 Shell

worms shell

blod xxx video
Ebony Coed Rihanna Rimes Takes A Dick In Her Young Twat priyaa indian fuck anal and pusssy hardcore indian women xxx desi hardcore fucking part 1 bengalixxxcouple